NBA RPG Leaders 2023-24 - Statistics

General Stats
  • This quiz has been taken 33 times
  • The average score is 9 of 15
Answer Stats
Rebounds Per Game Answer % Correct
12.6 Anthony Davis
94%
12.4 Nikola Jokic
91%
13.7 Domantas Sabonis
81%
12.9 Rudy Gobert
72%
11.5 Giannis Antetokounmpo
69%
10.6 Victor Wembanyama
69%
10.6 Clint Capela
59%
9.2 Luka Doncic
56%
10.5 Nikola Vucevic
56%
9.2 Ivica Zubac
53%
10.5 Jarrett Allen
53%
10.4 Bam Adebayo
47%
11.0 Jusuf Nurkic
47%
9.9 Nic Claxton
41%
9.0 Andre Drummond
38%
No matching quizzes found
Score Distribution
Percent of People with Each Score
Percentile by Number Answered
Your Score History
You have not taken this quiz